000
00255nam a2200097Ia 4500
008
230915s9999 xx 000 0 und d
050
_a
QA276.12 .H45 2011
100
_a
HEIMAN GARY W.
245
0
_a
BASIC STATISTICS FOR THE BEHAVIORAL SCIENCE
942
_c
BK
999
_c
186894
_d
186894